Cartoons by Last Name Quiz Stats

 Plays Quiz Updated May 16, 2018

Score 0/25 Timer 05:00
5 Plays Today
% Correct
Family Guy
90%
DuckTales
88.2%
South Park
86.5%
The Simpsons
86.4%
Star Wars: The Clone Wars
84.1%
The Flintstones
81.6%
SpongeBob SquarePants
81.5%
Looney Tunes
79%
Futurama
76.2%
Rugrats
73.4%
The Jetsons
71.5%
Bob's Burgers
68.3%
Pokémon
63%
% Correct
Phineas and Ferb
58.8%
The Real Ghostbusters
58.3%
King of the Hill
53.6%
Garfield and Friends
53.1%
The Charlie Brown & Snoopy Show
52.3%
Doug
51%
Rick and Morty
49.5%
Alvin and the Chipmunks
48.2%
Scooby-Doo, Where Are You!
45.1%
Teenage Mutant Ninja Turtles
41.4%
The Snorks
40.8%
The Transformers
39.8%

You're not logged in!

Compare scores with friends on all Sporcle quizzes.
OR
Log In

Sporcle TV

Today on Sporcle TV


Watch our educational content, quiz creation guides, and fun videos on Sporcle TV.

Show Comments

Extras

Top Quizzes Today


Score Distribution

Your Account Isn't Verified!

In order to create a playlist on Sporcle, you need to verify the email address you used during registration. Go to your Sporcle Settings to finish the process.

Report this User

Report this user for behavior that violates our Community Guidelines.

Details: